| 000 | 01534cam a22003491i 4500 | ||
|---|---|---|---|
| 003 | SA-RiAUC | ||
| 005 | 20250702073449.0 | ||
| 008 | 250629s2003 ua g f000 0 ara c | ||
| 020 | _a9771802968 | ||
| 040 |
_aSA-RiAUC _bara _cSA-RiAUC _erda |
||
| 041 | 1 |
_aara _hund |
|
| 043 | _af-ua--- | ||
| 082 | 0 | 4 |
_a916.204 _qSA-RiAUC |
| 090 |
_a916.204 _bا و ل |
||
| 100 | 0 |
_aأوليا جلبي، _d1611-1682 _eمؤلف. |
|
| 245 | 1 | 0 |
_aسياحتنا من مصر / _cتأليف أوليا جلبي ؛ ترجمة محمد علي عوني ؛ تحقيق عبد الوهاب عزام، أحمد السعيد سليمان ؛ تقديم ومراجعة أحمد فؤاد متولي. |
| 264 | 1 |
_aالقاهرة : _bدار الكتب و الوثائق القومية، _c2003 |
|
| 300 |
_a660 صفحة ؛ _c29 سم |
||
| 336 |
_aنص _btxt _2rdacontent _3كتاب |
||
| 337 |
_aبدون وسيط _bn _2rdamedia |
||
| 338 |
_aمجلد _bnc _2rdacarrier |
||
| 504 | _aيشتمل على إرجاعات ببليوجرافية. | ||
| 600 | 0 | 7 |
_aأوليا جلبي، _d1611-1682 _xرحلات _zمصر _2aucnm |
| 651 | 7 |
_aمصر _xوصف ورحلات _2aucsh |
|
| 700 | 1 |
_aسليمان، أحمد السعيد، _d1924-1991 _eمحقق. |
|
| 700 | 1 |
_aعزام، عبد الوهاب، _d1894-1959 _eمحقق. |
|
| 700 | 1 |
_aعوني، محمد علي، _d1898-1952 _eمترجم. |
|
| 700 | 1 |
_aمتولي، أحمد فؤاد _eمقدم. |
|
| 942 |
_2ddc _cBOOK _n0 |
||
| 949 |
_aSA-JeALM _d250629 _umohamedma123 _n1 |
||
| 999 |
_c9418 _d9418 |
||